Statistics for Name all countries where Spanish is the official language (Map)

Click here to take the quiz!

General Stats

  • This quiz has been taken 219 times
    (175 since last reset)
  • The average score is 19 of 20

Answers on the Map

Answers color-coded by a green-red scale on the quiz's map according to % correct below.
 

Answer Stats

Country% Correct
Spain/España
100%
Argentina
99%
Chile
99%
Peru
99%
Mexico/México
98%
Bolivia
97%
Ecuador
97%
Panama
97%
Venezuela
97%
Colombia
96%
Paraguay
96%
Uruguay
96%
Costa Rica
95%
Cuba
95%
El Salvador
95%
Guatemala
95%
Honduras
95%
Nicaragua
95%
Dominican Republic/Republica Dominicana
93%
Equatorial Guinea/Guinea Ecuatorial
70%

Score Distribution

Percentile by Number Answered

Percent of People with Each Score

Your Score History

You have not taken this quiz since the last reset